000 00575nam a2200181Ia 4500
003 IN-BaIIA
008 211028s9999 xx 000 0 eng d
040 _cIIA Library
080 _a533.5
_bWAR
100 _aWard, L
_920479
245 0 _aIntroduction to the theory and practice of high vacuum technology
_cL. Ward and J. P Bunn
260 _aLondon
_bButterworths
_c1967
300 _avii, 216p.
650 _aVacuum physics
_92238
650 _aVacuum technology
_920480
700 _aBunn, J. P.
_920481
942 _cBK
999 _c11800
_d11800